000 00551nam a2200181Ia 4500
999 _c9060
_d9060
003 OSt
005 20201012131706.0
008 190216s9999||||xx |||||||||||||| ||und||
020 _a9788131211212
040 _coclc
082 _a519.2
_bMIL/P
100 _aMiller, Scott L
_95608
245 0 _aProbability And Random Processes /
_cScott L Miller ; Donald Childers
260 _bElsevier Science Publications,
_c2011.
_aLondon:
300 _a536p
650 _aComputer Science
942 _cBK
_2ddc
_h519.2
_iMIL/P
_k519.2
_mMIL/P